00420nam a2200157Ia 4500008004100000100002700041245003300068260001200101260001100113260000900124300000700133650001900140942000900159999001500168952007900183160226s9999 xx 000 0 und d10aWickramarachchi,D.K.R. aQuantum Dots :Nanotechnology aColombo bIchemc c2015 a53 aNanotechnology cbook c3205d3205 0010708NFICaICbICcGENd2016-02-26l0pS0060r2016-02-26 00:00:00yDIS